[Event "Liga Madrileña - DH 2013-2014"]
[Site "Madrid ESP"]
[Date "2014.01.19"]
[Round "6.36"]
[White "Pastor Alonso de Prado, Alberto"]
[Black "Rios Rebollo, Victor"]
[Result "1/2-1/2"]
[WhiteElo "2159"]
[BlackElo "1911"]
[PlyCount "56"]
[EventDate "2013.11.18"]
[EventType "team-tourn"]
[EventRounds "14"]
[EventCountry "ESP"]
[Source "lmi"]
[SourceDate "2013.11.18"]
[WhiteTeam "Collado Villalba"]
[BlackTeam "Vallecas CDV"]
[WhiteTeamCountry "ESP"]
[BlackTeamCountry "ESP"]

1. e4 e6 2. d4 d5 3. Nd2 Nf6 4. Bd3 c5 5. dxc5 dxe4 6. Nxe4 Nxe4 7. Bxe4 Qxd1+
8. Kxd1 Bxc5 9. Ke2 Nc6 10. Bxc6+ bxc6 11. c4 e5 12. Be3 Bxe3 13. Kxe3 Be6 14.
b3 Ke7 15. Nf3 f6 16. Rhd1 Rhd8 17. Ne1 Bf5 18. Ke2 Ke6 19. Nd3 Bxd3+ 20. Rxd3
Rxd3 21. Kxd3 Rd8+ 22. Kc3 f5 23. b4 e4 24. a4 Rd3+ 25. Kc2 Rd4 26. Kc3 Rd3+
27. Kc2 Rd4 28. Kc3 Rd3+ 1/2-1/2

[Event "Liga Madrileña - DH 2013-2014"]
[Site "Madrid ESP"]
[Date "2014.01.19"]
[Round "6.42"]
[White "Valles Moreno, Ivan"]
[Black "Bolado Saez, Sergio"]
[Result "1-0"]
[WhiteElo "2373"]
[BlackElo "2349"]
[PlyCount "41"]
[EventDate "2013.11.18"]
[EventType "team-tourn"]
[EventRounds "14"]
[EventCountry "ESP"]
[Source "lmi"]
[SourceDate "2013.11.18"]
[WhiteTeam "Liberty Chess"]
[BlackTeam "Blanco y Negro"]
[WhiteTeamCountry "ESP"]
[BlackTeamCountry "ESP"]

1. e4 c5 2. Nf3 d6 3. d4 cxd4 4. Nxd4 Nf6 5. Nc3 a6 6. Bg5 e6 7. Qf3 Nbd7 8.
O-O-O Be7 9. Be2 h6 10. Be3 Qc7 11. Qg3 g6 12. f4 b5 13. e5 dxe5 14. Nxe6 fxe6
15. Qxg6+ Kf8 16. fxe5 Qxe5 17. Bxh6+ Rxh6 18. Qxh6+ Ke8 19. Rhe1 Qc5 20. Bf3
Ra7 21. Rxe6 1-0

[Event "Liga Madrileña - DH 2013-2014"]
[Site "Madrid ESP"]
[Date "2014.01.19"]
[Round "6.43"]
[White "Alarcia Astriz, Carlos"]
[Black "Perez Gonzalez, Jose Manuel"]
[Result "0-1"]
[WhiteElo "2331"]
[BlackElo "2324"]
[PlyCount "106"]
[EventDate "2013.11.18"]
[EventType "team-tourn"]
[EventRounds "14"]
[EventCountry "ESP"]
[Source "lmi"]
[SourceDate "2013.11.18"]
[WhiteTeam "Blanco y Negro"]
[BlackTeam "Liberty Chess"]
[WhiteTeamCountry "ESP"]
[BlackTeamCountry "ESP"]

1. e4 c5 2. Nf3 g6 3. d4 cxd4 4. Nxd4 Nc6 5. c4 Nf6 6. Nc3 d6 7. Be2 Nxd4 8.
Qxd4 Bg7 9. O-O O-O 10. h3 Be6 11. Qe3 Qb6 12. Nd5 Bxd5 13. exd5 Qxe3 14. Bxe3
b5 15. Rac1 bxc4 16. Bxc4 Rfc8 17. b4 Rc7 18. a3 Ne4 19. Bb3 Rxc1 20. Rxc1 Bb2
21. Rc7 Bxa3 22. f3 Ng3 23. b5 Nf5 24. Rxa7 Rb8 25. Rxa3 Nxe3 26. Kf2 Nf5 27.
Bc4 Kf8 28. g4 Ng7 29. Ke3 e5 30. Ra6 Ne8 31. g5 Nc7 32. Rxd6 Nxb5 33. Rf6 Na3
34. Bd3 Rb4 35. Rc6 Ke7 36. Rc7+ Kd6 37. Rxf7 Nc4+ 38. Bxc4 Rxc4 39. Rxh7 Kxd5
40. Rh6 Rc3+ 41. Kf2 e4 42. Rxg6 Rxf3+ 43. Kg2 Ke5 44. h4 Rf8 45. Ra6 e3 46.
Ra7 Ke4 47. Kg3 Rf3+ 48. Kg4 Rf4+ 49. Kg3 Rf3+ 50. Kg4 Rf4+ 51. Kh5 e2 52. g6
Rf5+ 53. Kh6 e1=Q 0-1

[Event "Liga Madrileña - DH 2013-2014"]
[Site "Madrid ESP"]
[Date "2014.01.19"]
[Round "6.44"]
[White "Martin Rueda, Daniel"]
[Black "Renteria Becerra, Jorge Elicer"]
[Result "1/2-1/2"]
[WhiteElo "2315"]
[BlackElo "2311"]
[PlyCount "59"]
[EventDate "2013.11.18"]
[EventType "team-tourn"]
[EventRounds "14"]
[EventCountry "ESP"]
[Source "lmi"]
[SourceDate "2013.11.18"]
[WhiteTeam "Liberty Chess"]
[BlackTeam "Blanco y Negro"]
[WhiteTeamCountry "ESP"]
[BlackTeamCountry "ESP"]

1. d4 Nf6 2. Bg5 Ne4 3. Bf4 c5 4. f3 Qa5+ 5. c3 Nf6 6. Nd2 cxd4 7. Nb3 Qb6 8.
Qxd4 Nc6 9. Qxb6 axb6 10. Nd4 Nxd4 11. cxd4 Nd5 12. Bd2 e6 13. a3 Nb4 14. Rc1
Nc6 15. e3 d5 16. Bd3 Bd7 17. Ne2 Be7 18. e4 O-O 19. O-O Bf6 20. e5 Bd8 21. Rc3
Na5 22. f4 b5 23. f5 Bb6 24. f6 g6 25. Be3 Nc4 26. Bxc4 bxc4 27. Bh6 Rfc8 28.
Rf4 Ba5 29. Rh3 c3 30. Nxc3 1/2-1/2

[Event "Liga Madrileña - DH 2013-2014"]
[Site "Madrid ESP"]
[Date "2014.01.19"]
[Round "6.45"]
[White "Garrido Olivares, Ricard"]
[Black "Fernandez Garcia, Miguel Angel"]
[Result "1/2-1/2"]
[WhiteElo "2216"]
[BlackElo "2325"]
[PlyCount "172"]
[EventDate "2013.11.18"]
[EventType "team-tourn"]
[EventRounds "14"]
[EventCountry "ESP"]
[Source "lmi"]
[SourceDate "2013.11.18"]
[WhiteTeam "Blanco y Negro"]
[BlackTeam "Liberty Chess"]
[WhiteTeamCountry "ESP"]
[BlackTeamCountry "ESP"]

1. c4 e6 2. g3 d5 3. Bg2 Nf6 4. Nf3 Be7 5. O-O O-O 6. b3 b6 7. Bb2 Bb7 8. d3 c5
9. Ne5 Nbd7 10. Nd2 Nxe5 11. Bxe5 Qd7 12. e3 Rfd8 13. Qe2 dxc4 14. Bxb7 Qxb7
15. dxc4 Rd7 16. e4 Rad8 17. Bc3 h5 18. h3 h4 19. e5 Nh7 20. Ne4 Ng5 21. Nxg5
Bxg5 22. Qg4 Be7 23. Rad1 Rd3 24. Rxd3 Rxd3 25. Be1 Rd4 26. f4 hxg3 27. Qxg3
Qe4 28. Qg2 a5 29. Qxe4 Rxe4 30. Bg3 a4 31. Kf2 Rd4 32. Ke3 axb3 33. axb3 b5
34. Rc1 bxc4 35. Rxc4 Rd1 36. Bf2 Rh1 37. h4 Rh3+ 38. Ke4 Rxb3 39. Bxc5 Bxc5
40. Rxc5 Rh3 41. Rc7 Rxh4 42. Kf3 Rh5 43. Rc1 Kh7 44. Rg1 Kh6 45. Ke4 Rh4 46.
Kf3 Kh7 47. Rg5 Rh1 48. Rg2 Kg8 49. Ra2 f6 50. exf6 gxf6 51. Ra7 Rh7 52. Ra1
Kf7 53. Rg1 Rh2 54. Ke4 Ra2 55. Kf3 f5 56. Re1 Ra3+ 57. Kf2 Ke7 58. Rd1 Ra5 59.
Ke3 Ra4 60. Kf3 Kf6 61. Re1 Ra3+ 62. Kf2 Kg6 63. Rg1+ Kf6 64. Re1 Ke7 65. Rd1
Ra5 66. Ke3 Rd5 67. Ra1 Rb5 68. Rd1 e5 69. fxe5 Ke6 70. Rd3 Kxe5 71. Ra3 Kf6
72. Kf3 Kg5 73. Kf2 Rb2+ 74. Kf1 Kg4 75. Ra4+ f4 76. Ra3 Rh2 77. Kg1 Re2 78.
Kf1 Rh2 79. Kg1 Rh3 80. Rxh3 Kxh3 81. Kf2 Kg4 82. Kg2 f3+ 83. Kf2 Kf4 84. Kf1
Ke3 85. Ke1 f2+ 86. Kf1 Kf3 1/2-1/2

[Event "Liga Madrileña - DH 2013-2014"]
[Site "Madrid ESP"]
[Date "2014.01.19"]
[Round "6.46"]
[White "Vallejo Diaz, Jesus"]
[Black "Alba Lineros, Emilio"]
[Result "1-0"]
[WhiteElo "2272"]
[BlackElo "2112"]
[PlyCount "91"]
[EventDate "2013.11.18"]
[EventType "team-tourn"]
[EventRounds "14"]
[EventCountry "ESP"]
[Source "lmi"]
[SourceDate "2013.11.18"]
[WhiteTeam "Liberty Chess"]
[BlackTeam "Blanco y Negro"]
[WhiteTeamCountry "ESP"]
[BlackTeamCountry "ESP"]

1. e4 e5 2. Nf3 Nc6 3. d4 exd4 4. Bc4 Nf6 5. e5 d5 6. Bb5 Ne4 7. Nxd4 Bd7 8.
Bxc6 bxc6 9. O-O Bc5 10. c3 Bb6 11. Be3 Qe7 12. f3 Nd6 13. Bf2 Nf5 14. Re1 O-O
15. Qd3 Qg5 16. Qd2 Qg6 17. Na3 Rad8 18. b4 Rfe8 19. Nac2 c5 20. bxc5 Bxc5 21.
Nxf5 Bxf2+ 22. Qxf2 Qxf5 23. Nd4 Qd3 24. Nb3 a5 25. Rad1 Qxc3 26. Rc1 Qb4 27.
Rxc7 a4 28. Nd4 a3 29. f4 Qa5 30. Rb7 Qa6 31. Rb3 Rb8 32. Reb1 Rxb3 33. Rxb3
Rc8 34. h3 g6 35. Qe3 Rc4 36. Nf3 Re4 37. Qc5 Kg7 38. Rb8 Kh6 39. Qf8+ Kh5 40.
Qe7 Kh6 41. Qf8+ Kh5 42. Qxf7 Kh6 43. Ng5 Rxf4 44. Qxf4 Qa7+ 45. Kh2 Qxb8 46.
Ne6+ 1-0

[Event "Liga Madrileña - DH 2013-2014"]
[Site "Madrid ESP"]
[Date "2014.01.25"]
[Round "7.11"]
[White "Granda Zuniga, Julio E"]
[Black "Anton Guijarro, David"]
[Result "1/2-1/2"]
[WhiteElo "2680"]
[BlackElo "2553"]
[PlyCount "140"]
[EventDate "2013.11.18"]
[EventType "team-tourn"]
[EventRounds "14"]
[EventCountry "ESP"]
[Source "lmi"]
[SourceDate "2013.11.18"]
[WhiteTeam "Collado Villalba"]
[BlackTeam "Virgen de Atocha"]
[WhiteTeamCountry "ESP"]
[BlackTeamCountry "ESP"]

1. Nf3 Nf6 2. c4 b6 3. d4 Bb7 4. g3 g6 5. Bg2 Bg7 6. d5 Ne4 7. Qc2 f5 8. O-O
O-O 9. Ng5 Nd6 10. Bf4 Na6 11. Nd2 h6 12. Ngf3 e6 13. Rad1 Qe7 14. Nh4 Qf6 15.
Bxd6 cxd6 16. dxe6 Bxg2 17. e7 Bxf1 18. exf8=Q+ Rxf8 19. Nxf1 g5 20. Nf3 f4 21.
h3 Re8 22. Rd2 Nc5 23. Kg2 Ne4 24. Rd4 Qe6 25. Rd1 fxg3 26. fxg3 Rc8 27. b3 d5
28. Ne3 dxc4 29. bxc4 Nxg3 30. Kxg3 Qxe3 31. Rxd7 Rf8 32. Kg2 Qe6 33. Qd3 Re8
34. Rxa7 Qxe2+ 35. Qxe2 Rxe2+ 36. Kg3 Rc2 37. Rb7 Rxc4 38. Rxb6 Ra4 39. Nxg5
hxg5 40. Rg6 Kf7 41. Rxg5 Rxa2 42. Rb5 Ke6 43. h4 Ra4 44. h5 Be5+ 45. Kf3 Rh4
46. Rb6+ Kf5 47. h6 Bf6 48. Rb5+ Kg6 49. Rb1 Rxh6 50. Ke4 Rh2 51. Rg1+ Bg5 52.
Rb1 Re2+ 53. Kd3 Re3+ 54. Kd4 Re8 55. Rf1 Kh5 56. Kd5 Kg4 57. Rf7 Bf4 58. Rg7+
Kf3 59. Rg1 Rd8+ 60. Ke6 Ke4 61. Re1+ Be3 62. Ra1 Rh8 63. Re1 Rh6+ 64. Kf7 Ra6
65. Ke7 Kd5 66. Kd7 Bg5 67. Rd1+ Kc5 68. Rd3 Bf6 69. Rd1 Bd4 70. Ke7 Kd5
1/2-1/2

[Event "Liga Madrileña - DH 2013-2014"]
[Site "Madrid ESP"]
[Date "2014.01.25"]
[Round "7.12"]
[White "Larino Nieto, David"]
[Black "Vazquez Igarza, Renier"]
[Result "0-1"]
[WhiteElo "2465"]
[BlackElo "2588"]
[PlyCount "128"]
[EventDate "2013.11.18"]
[EventType "team-tourn"]
[EventRounds "14"]
[EventCountry "ESP"]
[Source "lmi"]
[SourceDate "2013.11.18"]
[WhiteTeam "Virgen de Atocha"]
[BlackTeam "Collado Villalba"]
[WhiteTeamCountry "ESP"]
[BlackTeamCountry "ESP"]

1. b3 e5 2. Bb2 Nc6 3. e3 Nf6 4. Bb5 Bd6 5. Ne2 a6 6. Bxc6 dxc6 7. d3 O-O 8.
Nd2 Re8 9. O-O a5 10. Ng3 a4 11. Nde4 axb3 12. axb3 Rxa1 13. Qxa1 Nd5 14. c4
Nb4 15. Bc3 Bf8 16. d4 exd4 17. exd4 Nd3 18. Qd1 Nf4 19. Qf3 Ng6 20. Re1 Bd7
21. h3 h6 22. Ra1 Qh4 23. Ra7 Bc8 24. Ra5 Bd7 25. Ra7 Bc8 26. Ra5 Bd7 27. Bd2
f5 28. Rxf5 Bxf5 29. Qxf5 Nh8 30. Bf4 Nf7 31. Bxc7 Qe7 32. Qa5 Qb4 33. Qxb4
Bxb4 34. d5 cxd5 35. cxd5 Ra8 36. Kf1 Ra3 37. Ke2 Rxb3 38. Nf5 Bf8 39. f4 Rb2+
40. Kf3 b5 41. d6 Rb3+ 42. Ke2 Rb2+ 43. Kf3 Rb3+ 44. Ke2 Rb2+ 45. Ke3 Nxd6 46.
Nfxd6 Bxd6 47. Bxd6 Rxg2 48. f5 Rb2 49. Nd2 Rc2 50. Ne4 Rc1 51. f6 gxf6 52.
Nxf6+ Kf7 53. Ng4 Rc3+ 54. Kd4 Rxh3 55. Kc5 Ke6 56. Bf8 h5 57. Nh6 Kf6 58. Kxb5
Kg6 59. Ng8 Kf7 60. Bd6 Kxg8 61. Kc4 Kf7 62. Kd4 Ke6 63. Bb8 Kf5 64. Bc7 Rb3
0-1

[Event "Liga Madrileña - DH 2013-2014"]
[Site "Madrid ESP"]
[Date "2014.01.25"]
[Round "7.13"]
[White "Arribas Lopez, Angel"]
[Black "Almagro Llanas, Pablo"]
[Result "1-0"]
[WhiteElo "2488"]
[BlackElo "2467"]
[PlyCount "55"]
[EventDate "2013.11.18"]
[EventType "team-tourn"]
[EventRounds "14"]
[EventCountry "ESP"]
[Source "lmi"]
[SourceDate "2013.11.18"]
[WhiteTeam "Collado Villalba"]
[BlackTeam "Virgen de Atocha"]
[WhiteTeamCountry "ESP"]
[BlackTeamCountry "ESP"]

1. e4 c6 2. Nc3 d5 3. Nf3 Bg4 4. h3 Bxf3 5. Qxf3 e6 6. d4 dxe4 7. Nxe4 Qxd4 8.
c3 Qb6 9. Bd3 Nd7 10. Bf4 Ngf6 11. O-O-O Nxe4 12. Bxe4 Nf6 13. Bc2 Be7 14. Be3
Qa5 15. Qg3 Qxa2 16. Qxg7 Rg8 17. Qh6 Qa1+ 18. Bb1 a5 19. Bd4 Rg6 20. Qh4 a4
21. c4 c5 22. Bc3 Nd5 23. Qxh7 Bg5+ 24. Kc2 Nf6 25. Qxg6 fxg6 26. h4 Bh6 27.
Bxf6 a3 28. Kb3 1-0

[Event "Liga Madrileña - DH 2013-2014"]
[Site "Madrid ESP"]
[Date "2014.01.25"]
[Round "7.14"]
[White "Rubio Mejia, Luis Ignacio"]
[Black "Moreno Ruiz, Javier"]
[Result "1/2-1/2"]
[WhiteElo "2452"]
[BlackElo "2470"]
[PlyCount "129"]
[EventDate "2013.11.18"]
[EventType "team-tourn"]
[EventRounds "14"]
[EventCountry "ESP"]
[Source "lmi"]
[SourceDate "2013.11.18"]
[WhiteTeam "Virgen de Atocha"]
[BlackTeam "Collado Villalba"]
[WhiteTeamCountry "ESP"]
[BlackTeamCountry "ESP"]

1. d4 Nf6 2. c4 e6 3. Nf3 Bb4+ 4. Nbd2 b6 5. a3 Bxd2+ 6. Qxd2 Bb7 7. e3 O-O 8.
Be2 a5 9. b3 d6 10. Bb2 Nbd7 11. O-O Qe7 12. Qc2 c5 13. Rfd1 Rfd8 14. dxc5 Nxc5
15. Nd4 Rac8 16. Bc3 d5 17. Be1 e5 18. Nb5 Bc6 19. Rac1 Qb7 20. f3 Bxb5 21.
cxb5 d4 22. exd4 Ne6 23. Bc4 Nxd4 24. Qb2 Nd5 25. Bh4 Ne3 26. Re1 Nxc4 27. Rxc4
f6 28. a4 Rxc4 29. bxc4 Qc7 30. Qa2 Kh8 31. Bf2 Ne6 32. Qc2 Nd4 33. Qc3 g5 34.
h4 h6 35. Re4 Ne6 36. hxg5 hxg5 37. Re2 Nc5 38. Rd2 Rxd2 39. Qxd2 Kg7 40. Qc2
Qd6 41. Kh1 Kf8 42. Be3 Kg7 43. Kg1 Ne6 44. Kf2 Kf7 45. Qh7+ Ke8 46. Qh8+ Ke7
47. Qc8 Nd4 48. Kg1 Ne2+ 49. Kf2 Nd4 50. Kg1 Ne2+ 51. Kf2 Nd4 52. Qb7+ Ke6 53.
Kg1 Qc5 54. Kh1 Qd6 55. Bf2 Qc5 56. g3 Qxc4 57. Qxb6+ Kf5 58. Kg2 Qd5 59. g4+
Kg6 60. Bxd4 exd4 61. Qxa5 Qa2+ 62. Kg3 Qa1 63. Qd8 Qg1+ 64. Kh3 Qh1+ 65. Kg3
1/2-1/2

[Event "Liga Madrileña - DH 2013-2014"]
[Site "Madrid ESP"]
[Date "2014.01.25"]
[Round "7.15"]
[White "Pena Gomez, Manuel"]
[Black "Martinez Martin, David"]
[Result "1-0"]
[WhiteElo "2417"]
[BlackElo "2400"]
[PlyCount "99"]
[EventDate "2013.11.18"]
[EventType "team-tourn"]
[EventRounds "14"]
[EventCountry "ESP"]
[Source "lmi"]
[SourceDate "2013.11.18"]
[WhiteTeam "Collado Villalba"]
[BlackTeam "Virgen de Atocha"]
[WhiteTeamCountry "ESP"]
[BlackTeamCountry "ESP"]

1. g3 d5 2. Bg2 e5 3. c4 d4 4. d3 Nf6 5. Nf3 Nc6 6. O-O Bd6 7. e3 O-O 8. exd4
Nxd4 9. Nxd4 exd4 10. Na3 Bg4 11. Qc2 c6 12. h3 Bd7 13. Bd2 Qc8 14. Kh2 c5 15.
Bg5 Ne8 16. Nb5 Bc6 17. Bxc6 Qxc6 18. b4 a6 19. Nxd6 Nxd6 20. Qb2 b5 21. cxb5
Nxb5 22. Be7 Rfe8 23. Bxc5 Qf3 24. Rfe1 Rxe1 25. Rxe1 Qxd3 26. Qc1 Qf5 27. Qd2
h6 28. a4 Nc3 29. g4 Qf3 30. Bxd4 Rd8 31. Qxc3 Qf4+ 32. Kg2 Rxd4 33. b5 axb5
34. axb5 Rd2 35. Qe3 Qxe3 36. Rxe3 Rb2 37. Re8+ Kh7 38. Re5 g5 39. Kf3 Rb3+ 40.
Ke4 Rxh3 41. Kd5 Rb3 42. Kc6 f6 43. Rd5 h5 44. gxh5 Kh6 45. b6 Kxh5 46. b7 Rxb7
47. Kxb7 Kg4 48. Kc6 f5 49. Kd6 f4 50. Rd3 1-0

[Event "Liga Madrileña - DH 2013-2014"]
[Site "Madrid ESP"]
[Date "2014.01.25"]
[Round "7.16"]
[White "Congiu, Mathilde"]
[Black "Ortega Ruiz, Jose Miguel"]
[Result "1-0"]
[WhiteElo "2242"]
[BlackElo "2366"]
[PlyCount "63"]
[EventDate "2013.11.18"]
[EventType "team-tourn"]
[EventRounds "14"]
[EventCountry "ESP"]
[Source "lmi"]
[SourceDate "2013.11.18"]
[WhiteTeam "Virgen de Atocha"]
[BlackTeam "Collado Villalba"]
[WhiteTeamCountry "ESP"]
[BlackTeamCountry "ESP"]

1. e4 d5 2. exd5 Qxd5 3. Nc3 Qa5 4. d4 Nf6 5. Bd2 Qb6 6. Nf3 Bg4 7. h3 Bh5 8.
Bc4 c6 9. g4 Bg6 10. Qe2 Nbd7 11. g5 Nh5 12. O-O-O O-O-O 13. d5 e6 14. dxe6
fxe6 15. Bxe6 Bd6 16. Be3 Qc7 17. Qd2 Bf4 18. Qd4 Bxe3+ 19. fxe3 Rhe8 20. Bxd7+
Rxd7 21. Qxa7 Rxd1+ 22. Rxd1 Qe7 23. Qa8+ Kc7 24. Qa5+ Kb8 25. Nd4 Qxe3+ 26.
Kb1 Qe7 27. Na4 Nf4 28. Nb6 Be4 29. Qa8+ Kc7 30. Qa5 Kb8 31. Re1 Nd5 32. Nxc6+
1-0

[Event "Liga Madrileña - DH 2013-2014"]
[Site "Madrid ESP"]
[Date "2014.01.25"]
[Round "7.21"]
[White "Candela Perez, Jose"]
[Black "Taboas Rodriguez, Daniel"]
[Result "0-1"]
[WhiteElo "2447"]
[BlackElo "2398"]
[PlyCount "136"]
[EventDate "2013.11.18"]
[EventType "team-tourn"]
[EventRounds "14"]
[EventCountry "ESP"]
[Source "lmi"]
[SourceDate "2013.11.18"]
[WhiteTeam "La Casa del Ajedrez"]
[BlackTeam "Blanco y Negro"]
[WhiteTeamCountry "ESP"]
[BlackTeamCountry "ESP"]

1. d4 Nf6 2. c4 g6 3. Nc3 Bg7 4. e4 d6 5. Nf3 O-O 6. Be3 e5 7. dxe5 dxe5 8.
Qxd8 Rxd8 9. Nd5 Na6 10. Rd1 Re8 11. Bd3 c6 12. Nxf6+ Bxf6 13. c5 Nb4 14. Bb1
a5 15. a3 Na6 16. Ba2 Kg7 17. Rc1 Nc7 18. Ke2 Ne6 19. g3 a4 20. Nd2 Rd8 21. Nc4
Nd4+ 22. Bxd4 Rxd4 23. Nb6 Rb8 24. Rc4 Rd8 25. Rxa4 Bg5 26. Kf3 Bh3 27. Nc4
Rd3+ 28. Ke2 Rbd8 29. Nd6 Rd2+ 30. Kf3 Rxb2 31. Ra1 Be7 32. Rb4 Rxb4 33. axb4
Bxd6 34. cxd6 Rxd6 35. Ke3 Rd4 36. Rb1 f5 37. exf5 Bxf5 38. Rb2 Rd3+ 39. Ke2 e4
40. Rd2 Bg4+ 41. Ke1 Ra3 42. Rb2 Kf6 43. Kd2 Bf5 44. Bg8 h6 45. Rb3 Ra8 46. Bc4
Ke5 47. Ke3 b5 48. Be2 Be6 49. Rc3 Bd5 50. f4+ exf3 51. Bxf3 Ra4 52. Bxd5 Kxd5
53. Rd3+ Ke5 54. Rb3 Kd5 55. Rd3+ Ke5 56. Rb3 Ra2 57. h4 Rc2 58. Rd3 Rc4 59.
Rb3 h5 60. Kf3 Kd5 61. Ke3 Rg4 62. Kf3 Kc4 63. Rb1 Kc3 64. Rc1+ Kxb4 65. Rxc6
Kb3 66. Re6 b4 67. Re3+ Ka2 68. Re2+ Ka3 0-1

[Event "Liga Madrileña - DH 2013-2014"]
[Site "Madrid ESP"]
[Date "2014.01.25"]
[Round "7.23"]
[White "Gallego Jimenez, Victoriano"]
[Black "Bolado Saez, Sergio"]
[Result "0-1"]
[WhiteElo "2367"]
[BlackElo "2349"]
[PlyCount "82"]
[EventDate "2013.11.18"]
[EventType "team-tourn"]
[EventRounds "14"]
[EventCountry "ESP"]
[Source "lmi"]
[SourceDate "2013.11.18"]
[WhiteTeam "La Casa del Ajedrez"]
[BlackTeam "Blanco y Negro"]
[WhiteTeamCountry "ESP"]
[BlackTeamCountry "ESP"]

1. d4 Nf6 2. c4 c6 3. Nf3 d5 4. e3 a6 5. Nc3 g6 6. Bd3 Bg7 7. O-O O-O 8. cxd5
cxd5 9. Ne5 e6 10. Qb3 Nfd7 11. Nxd7 Nxd7 12. Bd2 Rb8 13. Rac1 b5 14. Ne2 Re8
15. Bb4 Nb6 16. Qc2 Rb7 17. Qc6 Nc4 18. Qxa6 e5 19. b3 Qd7 20. Bc5 Rc7 21. Qa8
Bb7 22. Qa7 Ra8 23. Qxa8+ Bxa8 24. bxc4 dxc4 25. Bb1 exd4 26. Bxd4 Qg4 27. f3
Qg5 28. Kf2 Re7 29. Rfe1 h5 30. Rcd1 Bc6 31. e4 Bxd4+ 32. Rxd4 Qc5 33. Red1 b4
34. Ke1 Ra7 35. Rd8+ Kg7 36. Rc8 Ra8 37. Rd5 Qb6 38. Rxa8 Bxa8 39. Rd4 Qc5 40.
Kd2 Bc6 41. Ke1 Ba4 0-1

[Event "Liga Madrileña - DH 2013-2014"]
[Site "Madrid ESP"]
[Date "2014.01.25"]
[Round "7.24"]
[White "Renteria Becerra, Jorge Elicer"]
[Black "Suarez Uriel, Adrian"]
[Result "1/2-1/2"]
[WhiteElo "2311"]
[BlackElo "2254"]
[PlyCount "153"]
[EventDate "2013.11.18"]
[EventType "team-tourn"]
[EventRounds "14"]
[EventCountry "ESP"]
[Source "lmi"]
[SourceDate "2013.11.18"]
[WhiteTeam "Blanco y Negro"]
[BlackTeam "La Casa del Ajedrez"]
[WhiteTeamCountry "ESP"]
[BlackTeamCountry "ESP"]

1. d4 Nf6 2. c4 g6 3. f3 c5 4. d5 e6 5. e4 exd5 6. cxd5 d6 7. Nc3 Bg7 8. Bd3
O-O 9. Nge2 Re8 10. O-O Nbd7 11. Kh1 Ne5 12. Bc2 Rb8 13. a4 a6 14. Bg5 h6 15.
Bh4 g5 16. Bf2 Nh5 17. Rb1 b5 18. axb5 axb5 19. b4 c4 20. Bd4 Bd7 21. Qd2 Ra8
22. Ra1 Qe7 23. Qe3 Qf8 24. Ba7 f5 25. Ra5 fxe4 26. Bxe4 Nf6 27. Qb6 Nxe4 28.
Nxe4 Nd3 29. N2g3 Be5 30. Rb1 c3 31. Qe3 c2 32. Qxd3 cxb1=Q+ 33. Qxb1 Rec8 34.
Be3 Be8 35. Qd3 Qf7 36. Ne2 Qc7 37. Rxa8 Rxa8 38. h4 Ra1+ 39. Ng1 gxh4 40. Bd4
Bxd4 41. Qxd4 Qa7 42. Qxa7 Rxa7 43. Nxd6 Bg6 44. Ne4 Kf7 45. Ne2 Ra4 46. Nc5
Ra1+ 47. Kh2 Ke7 48. Nb7 Kd7 49. Nd4 Rb1 50. Nxb5 Rxb4 51. Nc5+ Ke7 52. Nc3 Kd6
53. N5e4+ Bxe4 54. Nxe4+ Kxd5 55. Nf6+ Ke5 56. Ne4 Kf5 57. Kh3 Rb2 58. Nd6+ Kf4
59. Ne4 Rb1 60. Kh2 Rf1 61. Nd2 Re1 62. Ne4 h3 63. Nf2 Re2 64. Nxh3+ Ke3 65.
Kg3 Ra2 66. Kg4 Ra5 67. f4 Ra2 68. g3 Ke4 69. f5 Ra5 70. Kh5 Kxf5 71. Kxh6 Ra3
72. Ng5 Rxg3 73. Nh7 Rg6+ 74. Kh5 Rg7 75. Kh6 Rg3 76. Nf8 Rg4 77. Nh7 1/2-1/2

[Event "Liga Madrileña - DH 2013-2014"]
[Site "Madrid ESP"]
[Date "2014.01.25"]
[Round "7.25"]
[White "Unciti Juan, Javier"]
[Black "Garrido Olivares, Ricard"]
[Result "0-1"]
[WhiteElo "2152"]
[BlackElo "2216"]
[PlyCount "98"]
[EventDate "2013.11.18"]
[EventType "team-tourn"]
[EventRounds "14"]
[EventCountry "ESP"]
[Source "lmi"]
[SourceDate "2013.11.18"]
[WhiteTeam "La Casa del Ajedrez"]
[BlackTeam "Blanco y Negro"]
[WhiteTeamCountry "ESP"]
[BlackTeamCountry "ESP"]

1. e4 c6 2. d4 d5 3. Nc3 dxe4 4. Nxe4 Bf5 5. Ng3 Bg6 6. h4 h6 7. Nf3 Nd7 8. h5
Bh7 9. Bd3 Bxd3 10. Qxd3 e6 11. Bd2 Ngf6 12. O-O-O Be7 13. Ne4 Nxe4 14. Qxe4
Nf6 15. Qe2 Qd5 16. c4 Qe4 17. Qxe4 Nxe4 18. Be3 f5 19. Rhf1 Bg5 20. Nxg5 hxg5
21. f3 Ng3 22. Rfe1 Kf7 23. Bxg5 Nxh5 24. d5 cxd5 25. cxd5 Rac8+ 26. Kb1 exd5
27. Rxd5 Kg6 28. Bd2 Rhd8 29. Rxd8 Rxd8 30. Kc2 Rd7 31. Re5 Nf6 32. b4 Nd5 33.
a4 Nb6 34. a5 Rxd2+ 35. Kxd2 Nc4+ 36. Kc3 Nxe5 37. Kd4 Kf6 38. Kd5 Nf7 39. b5
Ke7 40. a6 b6 41. Kc6 Nd6 42. g4 fxg4 43. fxg4 Ke6 44. g5 g6 45. Kc7 Nxb5+ 46.
Kb7 Kd7 47. Kb8 Nc7 48. Kxa7 b5 49. Kb6 b4 0-1

[Event "Liga Madrileña - DH 2013-2014"]
[Site "Madrid ESP"]
[Date "2014.01.25"]
[Round "7.26"]
[White "Alcazar Jimenez, Jesus Alberto"]
[Black "Collado Barbas, Laura"]
[Result "1-0"]
[WhiteElo "2211"]
[BlackElo "2133"]
[PlyCount "71"]
[EventDate "2013.11.18"]
[EventType "team-tourn"]
[EventRounds "14"]
[EventCountry "ESP"]
[Source "lmi"]
[SourceDate "2013.11.18"]
[WhiteTeam "Blanco y Negro"]
[BlackTeam "La Casa del Ajedrez"]
[WhiteTeamCountry "ESP"]
[BlackTeamCountry "ESP"]

1. e4 e6 2. d4 d5 3. exd5 exd5 4. Nf3 Nc6 5. h3 Bd6 6. c4 Bb4+ 7. Nc3 Nge7 8.
a3 Bxc3+ 9. bxc3 O-O 10. Be2 dxc4 11. Bxc4 Nd5 12. Bd2 Re8+ 13. Be2 Qe7 14. c4
Nb6 15. Be3 Na5 16. Qc2 Bd7 17. O-O Rad8 18. Bd3 h6 19. Qc3 Nc6 20. d5 Na4 21.
Qd2 Ne5 22. Nxe5 Qxe5 23. Bf4 Qb2 24. Bc2 Qb6 25. Qd3 g6 26. Rab1 Qa6 27. Bxh6
Kh7 28. Bg5 Bf5 29. Qf3 f6 30. Bxa4 Qxa4 31. Bxf6 Rd6 32. Rb4 Qd7 33. Ba1 a5
34. Qg3 Re4 35. Rxb7 Qc8 36. Qxd6 1-0

[Event "Liga Madrileña - DH 2013-2014"]
[Site "Madrid ESP"]
[Date "2014.01.25"]
[Round "7.31"]
[White "Vallejo Diaz, Javier"]
[Black "Martin Duque, Jesus"]
[Result "0-1"]
[WhiteElo "2400"]
[BlackElo "2233"]
[PlyCount "40"]
[EventDate "2013.11.18"]
[EventType "team-tourn"]
[EventRounds "14"]
[EventCountry "ESP"]
[Source "lmi"]
[SourceDate "2013.11.18"]
[WhiteTeam "Liberty Chess"]
[BlackTeam "Vallecas CDV"]
[WhiteTeamCountry "ESP"]
[BlackTeamCountry "ESP"]

1. e4 e6 2. d4 d5 3. Nd2 Be7 4. Ngf3 Nf6 5. Bd3 c5 6. exd5 exd5 7. dxc5 Bxc5 8.
O-O O-O 9. h3 Nc6 10. c3 Bb6 11. Nb3 Qd6 12. Re1 Bxh3 13. gxh3 Qg3+ 14. Kh1
Bxf2 15. Rg1 Qxh3+ 16. Nh2 Bxg1 17. Kxg1 Qg3+ 18. Kh1 Rfe8 19. Qd2 Re1+ 20. Bf1
Ng4 0-1

[Event "Liga Madrileña - DH 2013-2014"]
[Site "Madrid ESP"]
[Date "2014.01.25"]
[Round "7.33"]
[White "Perez Gonzalez, Jose Manuel"]
[Black "Madurga Lopez, Ignacio"]
[Result "1-0"]
[WhiteElo "2324"]
[BlackElo "2088"]
[PlyCount "37"]
[EventDate "2013.11.18"]
[EventType "team-tourn"]
[EventRounds "14"]
[EventCountry "ESP"]
[Source "lmi"]
[SourceDate "2013.11.18"]
[WhiteTeam "Liberty Chess"]
[BlackTeam "Vallecas CDV"]
[WhiteTeamCountry "ESP"]
[BlackTeamCountry "ESP"]

1. e4 c5 2. Nf3 d6 3. d4 cxd4 4. Nxd4 Nf6 5. Nc3 Nc6 6. Bc4 Na5 7. Bb3 Nxb3 8.
axb3 b6 9. O-O Bb7 10. Qe2 e6 11. Rd1 Qb8 12. e5 Nd7 13. exd6 Bxd6 14. Nxe6
Bxh2+ 15. Kh1 Be5 16. Nxg7+ Kd8 17. Bg5+ f6 18. Bxf6+ Bxf6 19. Rxd7+ 1-0